Introduction to print media: readings in Nigerian journalism (Record no. 41151)

MARC details
000 -LEADER
fixed length control field 00474nam a2200181Ia 4500
020 ## - INTERNATIONAL STANDARD BOOK NUMBER
ISBN 9789780320386
050 ## - CALL MARK
Classification number PN 4788 .I58/
100 ## - STATEMENT OF RESPONSIBILITY--MAIN AUTHOR NAME
Personal name Edited by Des Wilson
245 #0 - TITLE STATEMENT
Title Introduction to print media: readings in Nigerian journalism
260 ## - PUBLICATION, DISTRIBUTION, ETC. (IMPRINT)
Place of publication Ibadan
260 ## - PUBLICATION, DISTRIBUTION, ETC. (IMPRINT)
Name of publisher Stirling-Horden Publishers (Nig.) Ltd.
260 ## - PUBLICATION, DISTRIBUTION, ETC. (IMPRINT)
Year of publication 2000
300 ## - PHYSICAL DESCRIPTION
Number of Pages 183 p
650 ## - SUBJECT ADDED ENTRY--TOPICAL TERM
Topical Term Ibadan
942 ## - ADDED ENTRY ELEMENTS (KOHA)
Koha item type Books
Holdings
Withdrawn status Lost status Source of classification or shelving scheme Damaged status Not for loan Permanent Location Current Location Shelving location Date acquired Accession Number Price effective from Koha item type
    Library of Congress Classification     NILE UNIVERSITY OF NIGERIA - MAIN LIBRARY NILE UNIVERSITY OF NIGERIA - MAIN LIBRARY Items on shelf 06/03/2025 0187494 06/03/2025 Books